| 000 | 00855nam a2200301Ia 4500 | ||
|---|---|---|---|
| 003 | OSt | ||
| 005 | 20220912150155.0 | ||
| 006 | a|||||r|||| 00| 0 | ||
| 007 | ta | ||
| 008 | 220909b |||||||| |||| 00| 0 eng d | ||
| 020 | _a8121204631 (hbd) | ||
| 024 | _a3912 | ||
| 037 | _bExcel, | ||
| 037 | _cTextual | ||
| 040 |
_aCSL _beng _cCSL |
||
| 041 | _aeng | ||
| 082 | _aY72.27, N4 | ||
| 100 | _aSengupta Sarthak Ed | ||
| 245 | 0 | _aTribes of North-East India: Biological and cultural perspectives | |
| 260 |
_aNew Delhi _b Gyan Publishing House _c1994 |
||
| 300 | _axxii,263p | ||
| 500 |
_aIncludes bibliographical references; Index 257-263p. _ccm. |
||
| 650 | _a Eastern India | ||
| 650 | _a Tribes | ||
| 650 | _aAnthropology | ||
| 942 |
_hY72.27, N4 _cTEXL _2CC |
||
| 999 |
_c41256 _d41256 |
||